|
|
|
|
| LEADER |
00729nam a2200181Ia 4500 |
| 001 |
154099 |
| 008 |
170722s9999 xx 000 0 und d |
| 020 |
|
|
|a 8183242030
|
| 100 |
|
|
|a Pundir, Nirupama
|
| 245 |
|
|
|a Fashion technology
|b Today and tomorrow /
|
| 260 |
|
|
|a New Delhi :
|b Mittal ,
|c 2007.
|
| 300 |
|
|
|a vii+283
|
| 653 |
|
|
|a Fashion Technology
|
| 923 |
|
|
|d 20071128
|n V295
|
| 942 |
|
|
|c GEN
|
| 999 |
|
|
|c 136299
|d 136299
|
| 952 |
|
|
|0 0
|1 0
|4 0
|6 M_8F_P7P71
|7 0
|9 192410
|a LIB
|b LIB
|d 2013-03-25
|e Prabhus Books
|l 4
|o M8(F) P7-P7;1
|p 266407
|r 2019-06-07
|s 2019-03-27
|v 795.00
|w 2017-08-12
|y GEN
|
| 952 |
|
|
|0 0
|1 0
|4 0
|6 M_8F_P7P71
|7 0
|9 192411
|a LIB
|b LIB
|d 2013-03-25
|e Penta Book Distributors
|l 5
|o M8(F) P7-P7;1
|p 267684
|r 2019-07-27
|s 2019-01-19
|v 795.00
|w 2017-08-12
|y GEN
|